000 00361nam a2200145 i 4500
001 bg
100 1 _aSROCZYŃSKI, J.
245 0 _aWpływ zanieczyszczeń powietrza atmosferycznego na zdrowie ludzi.
250 _aJ.Sroczyński.
260 _aWrocław,
_c1988.
040 _cBPK
041 _apol
942 _cKS
008 s pl f |000 0 pol
999 _c28784
_d28784
856 _uhttp://koha.tu.koszalin.pl/cgi-bin/koha/opac-detail.pl?biblionumber=28784
_yKatalog online BPK